MARC

LEADER 00000nam0a2200000 4500
001 225216
005 20231031200857.0
035 |a (RuTPU)RU\TPU\book\245552 
090 |a 225216 
100 |a 20121107d1949 km y0rusy50 ca 
101 0 |a rus 
102 |a RU 
105 |a a z 001zy 
200 1 |a Качественная теория дифференциальных уравнений  |f В. В. Немыцкий, В. В. Степанов 
210 |a Москва  |a Ленинград  |c Изд-во технико-теоретической литературы  |d 1949 
215 |a 550 с.  |c ил. 
320 |a Библиогр.: с. 541-545. 
320 |a Алфавитный указатель: с. 546-550. 
610 1 |a дифференциальные уравнения 
610 1 |a непрерывность 
610 1 |a кривые 
610 1 |a динамические системы 
610 1 |a интегральные инварианты 
675 |a 517  |v 3 
700 1 |a Немыцкий  |b В. В. 
701 1 |a Степанов  |b В. В. 
801 1 |a RU  |b 63413507  |c 20121107 
801 2 |a RU  |b 63413507  |c 20121225  |g RCR 
942 |c BK